| 000 | 00548nam a2200217Ia 4500 | ||
|---|---|---|---|
| 008 | 180523s9999 xx 000 0 und d | ||
| 050 | _aMAIN RA 781 | ||
| 050 | _b.W55 1994 | ||
| 100 | _aWillix, Robert D. | ||
| 245 | 0 | _aYou can feel good all the time : | |
| 245 | 0 | _bmaximum health / | |
| 245 | 0 | _cRobert D. Willix. | |
| 260 | _aLondon : | ||
| 260 | _bFleet street, | ||
| 260 | _c1994 | ||
| 300 | _a119 pages : | ||
| 300 | _c17 cm. | ||
| 650 | _aAlternative medicine. | ||
| 650 | _aHolistic medicine. | ||
| 650 | _xHealth attitudes. | ||
| 999 |
_c357619 _d357619 |
||